[Event "Lisbon Cup 26th"]
[Site "Lisbon"]
[Date "2015.03.01"]
[Round "3"]
[White "Bartolo, Filipe Diogo Correi"]
[Black "Ferreira, Carlos Andre Santos"]
[Result "0-1"]
[WhiteElo "1350"]
[BlackElo "1981"]
[PlyCount "106"]
[EventDate "2015.01.18"]
[EventType "swiss"]
[EventRounds "7"]
[EventCountry "POR"]
[SourceTitle "EXT 2017"]
[Source "ChessBase"]
[SourceDate "2016.10.25"]
[SourceVersion "1"]
[SourceVersionDate "2016.10.25"]
[SourceQuality "1"]

1. e4 c5 2. Nf3 d6 3. Bb5+ Bd7 4. Bxd7+ Qxd7 5. 0-0 Nc6 6. d4 cxd4 7. Nxd4 Nf6 8. Nc3 g6 9. Re1 Bg7 10. Be3 0-0 11. Qf3 Ng4 12. Nxc6 bxc6 13. h3 Ne5 14. Qd1 Nc4 15. Rb1 Nxb2 16. Qd2 Nc4 17. Qd3 Nxe3 18. Qxe3 Rab8 19. Rxb8 Rxb8 20. Rb1 Rxb1+ 21. Nxb1 Qb7 22. Qb3 Qxb3 23. axb3 Bd4 24. Kf1 Kf8 25. Ke2 e6 26. c4 Ke7 27. Nd2 f5 28. f4 Bc3 29. Nb1 Bb4 30. e5 dxe5 31. fxe5 Kf7 32. Nd2 Bxd2 33. Kxd2 g5 34. Ke3 c5 35. Kd3 Ke7 36. Ke3 Kd7 37. Kd3 Kc6 38. Kc3 Kb6 39. Kb2 f4 40. Kc2 Ka5 41. Kc3 a6 42. Kb2 Kb4 43. Kc2 a5 44. Kb2 h5 45. Kc2 g4 46. hxg4 hxg4 47. Kb2 f3 48. gxf3 gxf3 49. Kc2 f2 50. Kd3 f1Q+ 51. Ke3 Qf5 52. Ke2 Qf4 53. Ke1 Qh2 0-1